Oropesa : (Record no. 22170)

000 -CABECERA
fixed length control field 01256nam a22002417a 4500
003 - IDENTIFICADOR DEL NÚMERO DE CONTROL
control field AR-CdUCM
008 - DATOS DE LONGITUD FIJA--INFORMACIÓN GENERAL
fixed length control field 190425b ||||| |||| 00| 0 spa d
040 ## - FUENTE DE LA CATALOGACIÓN
Agencia/entidad que catalogó originalmente la obra MUNICIPALIDAD PROVINCIAL DEL CUSCO
Entidad que transcribió la catalogación BIBLIOTECA MUNICIPAL DEL CUSCO
082 ## - NÚMERO DE LA CLASIFICACIÓN DECIMAL DEWEY
No. de Clasificación Oropesa/N°56/2005
245 ## - MENCIÓN DE TÍTULO
Título Oropesa :
Resto del título revista de cultura y educación de opinión y crítica /
Mención de responsabilidad Américo Valer Vargas, Director
260 ## - PUBLICACIÓN, DISTRIBUCIÓN, ETC.
Lugar de publicación, distribución, etc. Cusco.
Nombre de la editorial, distribuidor, etc. Pantigozo,
Fecha de publicación, distribución, etc. 2005.
300 ## - DESCRIPCIÓN FÍSICA
Nº de Páginas Extensión 22 páginas. :
Otros detalles físicos ilustraciones ;
Dimensiones 30 cm.
440 ## - MENCIÓN DE SERIE/PUNTO DE ACCESO ADICIONAL--TÍTULO
Título Oropesa.
Número de la parte/sección de una obra Año XXIV, N°LVI, diciembre 2005.
9 (RLIN) 47589
505 ## - NOTA DE CONTENIDO CON FORMATO
Nota de contenido formateada Contenido: Fue inaugurado el centro recreacional magisterial Wanakawri. -- Sabemos afrontar los sismos. -- La democracia en Latinoamérica. -- Luis E. Valcárcel y la gestión publica del patrimonio cultural del Perú. -- INC continuismo o nuevo rumbo. -- Aspectos ambientales del parque arqueológico de Saqsaywaman. Eduardo Gil Mora. -- Tradicional Feria del Santuranticuy cuaqueño. Rafael Villasante Colpaert.
650 ## - PUNTO DE ACCESO ADICIONAL DE MATERIA--TÉRMINO DE MATERIA
Descriptor Política cusqueña
9 (RLIN) 47381
650 ## - PUNTO DE ACCESO ADICIONAL DE MATERIA--TÉRMINO DE MATERIA
Descriptor Cultura andina
9 (RLIN) 47570
650 ## - PUNTO DE ACCESO ADICIONAL DE MATERIA--TÉRMINO DE MATERIA
Descriptor Sociedad cusqueña
9 (RLIN) 47493
650 ## - PUNTO DE ACCESO ADICIONAL DE MATERIA--TÉRMINO DE MATERIA
Descriptor Siglo XX
9 (RLIN) 47561
700 ## - PUNTO DE ACCESO ADICIONAL--NOMBRE DE PERSONA
Nombre Personal Villasante Colpaert, Rafael
9 (RLIN) 47590
700 ## - PUNTO DE ACCESO ADICIONAL--NOMBRE DE PERSONA
Nombre Personal Mould de Pease, Mariana
9 (RLIN) 7113
942 ## - ELEMENTOS DE PUNTO DE ACCESO ADICIONAL (KOHA)
Fuente de clasificación
Tipo de item Revistas cusqueñas
945 ## - PROCESAMIENTO DE INFORMACIÓN LOCAL (OCLC)
Catalogador rac
Holdings
Estado de retiro (separado) Fuente de clasificación o esquema de estanterías Estado dañado Ubicación Sala donde se ubica Nombre de la colección Fecha de adquisición o compra Costo, precio normal en soles Signatura topográfica Código de Barras Última vez visto (Koha) Tipo de ítem (Koha)
No     Sala Hemeroteca Sala Hemeroteca Book Cart 2022-03-17 5.00 Oropesa/N°56/2005 REVC000768 2022-03-17 Revistas cusqueñas

Powered by Koha